15 Ciudades más grandes de la ex Yugoslavia en el mapa - Estadísticas

Estadísticas generales
  • Esta prueba ha sido intentada 52 veces
  • La puntuación promedio es 10 de 15
Respuestas en el mapa
Las respuestas están codificadas por una escala verde-roja en el mapa de la prueba según el % correcto abajo.
 
Estadísticas de respuestas
Pais Ciudad Población % Correcto
Croacia Zagreb 660k
100%
Serbia Belgrado 1,2mln
98%
Kosovo Pristina 140k
96%
Bosnia y Herzegovina Sarajevo 350k
96%
Macedonia del Norte Skopie 420k
94%
Montenegro Podgorica 170k
91%
eslovenia Liubliana 290k
85%
Croacia Split 150k
85%
Eslovenia Maribor 100k
53%
Serbia Novi Sad 260k
53%
Croacia Rijeka 110k
51%
Serbia Niš 180k
40%
Bosnia y Herzegovina Banja Luka 135k
36%
Serbia Subotica 90k
17%
Serbia Kragujevac 145k
11%
No se encontraron pruebas coincidentes
Distribución de puntuación
Porcentaje de gente con cada puntuación
Porcentaje por número respondido
Historial de tus puntuaciones
No has intentado esta prueba.